000 01178nam a2200301 i 4500
001 197825
003 ES-MaACL
005 20251020171403.0
007 ta
008 250918s2025 sp ||||| |||| 000 0 spa d
020 _a978-84-1194-531-8
040 _bspa
_cES-MaACL
080 _a343.28(460)
245 0 0 _aLey de amnistía :
_bposibilidades de inaplicación y cuestionamiento judicional : guía práctica para el planteamiento de cuestiones de inconstitucionalidad y/o prejudiciales europeas sobre la ley de amnistía /
_cPlataforma Cívica por la Independencia Judicial
264 1 _aA Coruña :
_bColex,
_c[2024]
264 4 _a©2024
300 _a191 páginas ;
_c24 cm
336 _2rdacontent
_aTexto
337 _2rdamedia
_asin mediación
338 _2rdacarrier
_avolumen
650 4 _9242274
_aAmnistía -
_zEspaña
710 2 _9242273
_aPlataforma Cívica por la Independencia Judicial
_eedt
852 _aES-MaACL
_cDEPOJ
_jA-15783
_xEncuadernación rústica
_9206803
_hDonación: Marcos Arbeloa
942 _cMONOGRAFIA
_n0
999 _c197825
_d197825